000 01296cam a2200349 a 4500
001 2128677
003 OSt
005 20140310182703.0
008 971203s1997 inua b 001 0 eng
010 _a 97081199
020 _a1578700205
040 _aDLC
_cDLC
_dDLC
043 _an-us---
050 0 0 _aHE 8700.72
_b.Ab138 1997
082 0 0 _aM 384.5550973
_221
_bAb3 1997
100 1 _aAbe, George.
245 1 0 _aResidential broadband
_cAbe, George
260 _aIndianapolis, IN
_bMacmillan Technical Pub.
_bCisco Systems
_cc1997
300 _axi, 500 p.
_bill.
_c24 cm.
504 _aIncludes bibliographical references and index.
521 _aCollege Students
526 _c1210L-1700L
541 _j1
562 _eFor circulation. 1 copy available in the collection
650 0 _aCable television
_zUnited States.
650 0 _aCable television
_xGovernment policy
_zUnited States.
650 0 _aBroadband communication systems
_zUnited States.
650 0 _aBroadband communication systems
_xGovernment policy
_zUnited States.
906 _a7
_bcbc
_corignew
_d2
_eopcn
_f19
_gy-gencatlg
942 _2lcc
_cBK
_kM
999 _c15190
_d15190